Religion and progress in modern Asia
This volume is based on papers presented to a conference on Cultural Motivations to progress in south and southeast Asia held in Manila from the third to the eigth of June, 1963, and on excerpts and summaries of discussions that took place during the conference.
Gorde:
| Egile nagusia: | |
|---|---|
| Formatua: | Liburua |
| Hizkuntza: | Undetermined |
| Argitaratua: |
New York
Free Press ; Collier-Macmillan
1965
|
| Gaiak: | |
| Etiketak: |
Etiketa erantsi
Etiketarik gabe, Izan zaitez lehena erregistro honi etiketa jartzen!
|
| Thư viện lưu trữ: | Trung tâm Học liệu Trường Đại học Cần Thơ |
|---|
| LEADER | 00852nam a2200205Ia 4500 | ||
|---|---|---|---|
| 001 | CTU_219131 | ||
| 008 | 210402s9999 xx 000 0 und d | ||
| 082 | |a 291.1 | ||
| 082 | |b B436 | ||
| 100 | |a Bellah, Robert N. | ||
| 245 | 0 | |a Religion and progress in modern Asia | |
| 245 | 0 | |c Robert N. Bellah | |
| 260 | |a New York | ||
| 260 | |b Free Press ; Collier-Macmillan | ||
| 260 | |c 1965 | ||
| 520 | |a This volume is based on papers presented to a conference on Cultural Motivations to progress in south and southeast Asia held in Manila from the third to the eigth of June, 1963, and on excerpts and summaries of discussions that took place during the conference. | ||
| 650 | |a Religion and sociology,Tôn giáo và xã hội học | ||
| 650 | |z Asia,Châu Á | ||
| 904 | |i Trúc | ||
| 980 | |a Trung tâm Học liệu Trường Đại học Cần Thơ | ||